LEADER 00651nab a2200169 i 4500 001 000000280537 003 CaOOAMICUS 005 20140130000000.0 008 140130n xx uu u0 0und r 013 $a32504 020 $a978-2-200-92866-7 040 $aSeMil$bita 245 10$a"Sermo mysticus" :$bmystique et langage entre Moyen Âge et époque moderne. 500 $aOctobre-Décembre 2013. 773 0 $tAnnée 2013.$dParis : Armand Colin, copyr. 2013.$w()221284 996 $6020$a978-2-200-92866-7$9(OLS)http://semarc/number/267885 996 $6245$a"Sermo mysticus" :$bmystique et langage entre Moyen Âge et époque moderne.$9(OLS)http://semarc/title/363563 LEADER 00765nam a2200217 i 4500 001 000000223674 003 CaOOAMICUS 005 20131017000000.0 008 131017s1792 it u000 u fre u 013 $a202572 026 $aE.RE onup uss, emta (3) 1792 (A) 040 $aSeMil$bita 245 10$aTome 57. 300 $a[4], 334, [2] p. 500 $aContiene : Dictionnaire philosophique. 773 0 $aVoltaire <1694-1778>$tOeuvres completes de m. de Voltaire. Tome 1. [-100.].$dA Lyon : Chez J. B. Delamollière, 1791-1792.$g57$w()28886 850 $aSeMil 852 $aSeMil$W1$xVenegono$y1$m2Q I 137 FA$j174020$B174020$CSeMilBibl$Z2$F184253 $8I 941 1 $a10 961 $aRecupero: Mantegazza 996 $6245$aTome 57$9(OLS)http://semarc/title/320711